The song of the loom : (Record no. 72161)

MARC details
000 -LEADER
fixed length control field 00878nam a22002417a 4500
005 - DATE AND TIME OF LATEST TRANSACTION
control field 20140218154847.0
010 ## - LCCN (DPL NO)
LC control number ENG-106369
020 ## - INTERNATIONAL STANDARD BOOK NUMBER
International Standard Book Number 9789380607467
Terms of availability 795.00
035 ## - SYSTEM CONTROL NUMBER
System control number EN-89902
035 ## - SYSTEM CONTROL NUMBER
System control number B-495401
037 ## - SOURCE OF ACQUISITION
Source of stock number/acquisition DBAD/PUB
037 ## - SOURCE OF ACQUISITION
Source of stock number/acquisition BBB/Ven
Stock number dpl
082 00 - DEWEY DECIMAL CLASSIFICATION NUMBER
Classification number 746.1409543
Edition number 19
100 1# - MAIN ENTRY--PERSONAL NAME
Personal name Ramaswamy, Vijaya
245 14 - TITLE STATEMENT
Title The song of the loom :
Remainder of title weaver folk traditions in South India /
Statement of responsibility, etc by Vijaya Ramaswamy
260 ## - PUBLICATION, DISTRIBUTION, ETC. (IMPRINT)
Place of publication, distribution, etc Delhi
Name of publisher, distributor, etc Primus Books
Date of publication, distribution, etc 2013
270 ## - ADDRESS
Address Virat Bhavan, Mukherjee Nagar Commercial Complex
City Delhi
Postal code 110009
300 ## - PHYSICAL DESCRIPTION
Extent xx,131p. :
Other physical details ill. (some col.)
Dimensions 25cm(Hb)
500 ## - GENERAL NOTE
General note Includes bibliographical references and index
650 #0 - SUBJECT ADDED ENTRY--TOPICAL TERM
Topical term or geographic name as entry element Navajo textile fabrics
General subdivision Exhibitions.
942 ## - ADDED ENTRY ELEMENTS (KOHA)
Source of classification or shelving scheme Dewey Decimal Classification
Item type English Books
Classification part 746.1409543
Call number suffix RAM
Holdings
Withdrawn status Lost status Not for loan Collection code Home library Current library Date acquired Source of acquisition Cost, normal purchase price Full call number Barcode Copy number Cost, replacement price Koha item type
      Non-fiction Central Library Central Library 18/02/2014 BBB/IN10348/12.03.2013/168/08.03.2013/15.03.2013 795.00 746.1409543 RAM B-495401 1 795.00 English Books
      Non-fiction D.B.Act.Division D.B.Act.Division 13/12/2012 DBAD/PUB 795.00 746.72 RAM EN-89902 1 795.00 English Books

© Delhi Public Library
Hit Counter
free hit counter